000 00310nam a2200121 a 4500
005 20140414131923.0
008 101026s19uu xx 00 eng d
050 _aER
_bT71 1995
100 _a
245 _aA treasury of classic stories.
260 _bLadybird,
_c1995.
_aLeicestershire, UK :
999 _c111872
_d111872